000 00788nam a2200253Ia 4500
003 OSt
005 20220923221502.0
006 a|||||r|||| 00| 0
007 ta
008 220922b |||||||| |||| 00| 0 hin d
024 _a197,720
037 _cTextual
040 _aARTS
_cARTS
_bhin
041 _2hin
_ahin
082 _aO152,8N512x, M1
100 _aबलराम
245 0 _aनेेेेताजी की वापसी
246 _aNeeeetājī kī vāpasī
260 _aदिल्ली
_b मीनाक्षी पुस्तक मंदिर
_c1981
300 _a127पृ.
_ccm.
650 _aहिन्दी साहित्य
_9156264
942 _hO152,8N512x, M1
_cTEXL
_2CC
999 _c349591
_d349591